Normal view MARC view
  • Haider , Zaheer Capt TE-36

Entry Personal Name

Number of records used in: 1

001 - CONTROL NUMBER

  • control field: 131282

003 - CONTROL NUMBER IDENTIFIER

  • control field: NUST

005 - DATE AND TIME OF LATEST TRANSACTION

  • control field: 20251020142956.0

008 - FIXED-LENGTH DATA ELEMENTS

  • fixed length control field: 251020|| aca||aabn | a|a d

040 ## - CATALOGING SOURCE

  • Original cataloging agency: NUST
  • Transcribing agency: NUST

100 ## - HEADING--PERSONAL NAME

  • Personal name: Haider , Zaheer Capt TE-36

670 ## - SOURCE DATA FOUND

  • Source citation: Work cat.: (NUST)182702: Haider , Zaheer Capt TE-36, Target tracking through image processing /, 2003
© 2023 Central Library, National University of Sciences and Technology. All Rights Reserved.